Logo BPK

Biblioteka

Politechniki Koszalińskiej

Izgotowlenie i remont izmeritelnych i rezuscich instrumentow / (Rekord nr 15388)

Szczegóły MARC
000 -ETYKIETA REKORDU
podpole kontrolne o stałej długości 00385nam a2200145 i 4500
001 - NUMER KONTROLNY REKORDU
pole kontrolne bg
040 ## - ŹRÓDŁO KATALOGOWANIA
Instytucja, która utworzyła rekord BPK
041 ## - KOD JĘZYKA
Kod języka tekstu pol
008 - POLE O STAŁEJ DŁUGOŚCI - DANE KONTROLNE
podpole kontrolne o stałej długości s pl f |000 0 pol
100 1# - NAZWA OSOBOWA
Nazwa osobowa SWEDOW, A. S.
245 #0 - TYTUŁ/ODPOWIEDZIALNOŚĆ
Tytuł Izgotowlenie i remont izmeritelnych i rezuscich instrumentow /
Pozostałe elementy strefy tytułu i oznaczenia odpowiedzialności A.S. Swedow, E.A. Kocenkowa.
260 ## - STREFA ADRESU WYDAWNICZEGO
Miejsce wydania Moskwa,
Data publikacji, dystrybucji/powstania dokumentu 1972.
700 1# - HASŁO DODATKOWE - NAZWA OSOBOWA
Nazwa osobowa KOCENKOWA, E. A.
856 ## - LOKALIZACJA I DOSTĘP DO ELEKTRONICZNYCH DOKUMENTÓW ZDALNYCH
Link (URL) http://koha.tu.koszalin.pl/cgi-bin/koha/opac-detail.pl?biblionumber=15388
Tekst linku Katalog online BPK
942 ## - DODATKOWE ELEMENTY (KOHA)
Typ dokumentu Książka
Egzemplarze
Wycofany Status egzemplarza Uszkodzony Dostępność Lokalizacja stała Lokalizacja bieżąca Miejsce przechowywania Sygnatura Kod kreskowy Typ dokumentu
      Dostępny Biblioteka Politechniki Koszalińskiej Biblioteka Politechniki Koszalińskiej Wypożyczalnia BG 16018 01733457 Książka
© 2023 Biblioteka Politechniki Koszalińskiej :: KOHA